00684nam a2200181 a 4500008004100000020001500041050001800056100002200074245005000096260003400146300002000180350000900200650003000209650001600239995009600255999001700351952013400368120416s1997 ||||||||||||||||| || u a0201548097 aQA 76.758 Hum aHumphrey, Watts S10aIntroduction to the personal software process aReadingbAddison-Wesleyc1997 axxiv, 278p.:ill a0.00 7aSOFTWARE ENGINEERING2gnd aENGINEERING D0.00FCBU-MAIN LIBRARY (Kitwe)H1I19.99M1UAVAILABLEZMain Library Open Access Collection c48049d48049 00102lcc4070a001b001cMain Library Open Access Collectiond2022-11-30l0oQA 76.758 Hump028195r2022-11-30w2022-11-30y002